[Event "TOP 16"]
[Site "Metz"]
[Date "2009.03.20"]
[Round "1.6"]
[White "Roos, Louis"]
[Black "Nezar, Mustapha"]
[Result "1/2-1/2"]
[WhiteElo "2350"]
[BlackElo "2399"]
[PlyCount "147"]
[EventDate "2009.??.??"]
[Source "ChessBase"]
[SourceDate "2000.11.22"]

1. d4 Nf6 2. Nf3 e6 3. e3 c5 4. Bd3 b6 5. Qe2 Bb7 6. c3 Be7 7. O-O Ne4 8. a4
O-O 9. a5 d6 10. a6 Bd5 11. c4 Bc6 12. Nc3 Nf6 13. e4 cxd4 14. Nxd4 e5 15. Nf5
g6 16. Nxe7+ Qxe7 17. b4 Nh5 18. b5 Bd7 19. Nd5 Qd8 20. f4 Be6 21. fxe5 dxe5
22. g4 Bxd5 23. exd5 Nf4 24. Bxf4 exf4 25. Qf3 Qd6 26. Rae1 Nd7 27. Qxf4 Qxf4
28. Rxf4 Rfe8 29. Rfe4 Kf8 30. Kf2 Nc5 31. Rxe8+ Rxe8 32. Rxe8+ Kxe8 33. Bc2 h6
34. Ke3 Ke7 35. h4 g5 36. hxg5 hxg5 37. Bf5 Kd6 38. Kd4 Nb3+ 39. Kc3 Nc5 40.
Kd4 Nb3+ 41. Ke3 Ke5 42. Bd7 Nc5 43. Be8 f6 44. Bg6 Nb3 45. Bf5 Nc5 46. Bd3 Nd7
47. Bg6 Nc5 48. Be8 Nb3 49. Bc6 Nc5 50. d6 Kxd6 51. Kd4 Nxa6 52. Bd5 Nc5 53.
Bg8 a5 54. bxa6 Nxa6 55. Bh7 Nb4 56. Ke4 Nc6 57. Bg8 Ne5 58. Kf5 Ke7 59. Bd5
Nf7 60. Kg6 Nd6 61. Bg8 Ne4 62. Kf5 Ng3+ 63. Kg6 Ne2 64. Kf5 Nf4 65. Ke4 Ng6
66. Kf5 Ne5 67. Bd5 Nf7 68. Kg6 Ne5+ 69. Kf5 Nd3 70. Be4 Nf4 71. Bf3 Kf7 72.
Be4 Ne2 73. Bd5+ Ke7 74. Bg8 1/2-1/2

[Event "TOP 16"]
[Site "Metz"]
[Date "2009.03.20"]
[Round "1.7"]
[White "Genzling, Alain"]
[Black "Reinhart, Emmanuel"]
[Result "1-0"]
[WhiteElo "2309"]
[BlackElo "2329"]
[PlyCount "125"]
[EventDate "1620.??.??"]
[Source "ChessBase"]
[SourceDate "2000.11.22"]

1. e4 c6 2. c4 d5 3. exd5 cxd5 4. cxd5 Qxd5 5. Nc3 Qd6 6. Nf3 Nf6 7. d4 e6 8.
Bd3 Nc6 9. O-O Be7 10. Nb5 Qd8 11. Bf4 Nd5 12. Bg3 a6 13. Nc3 O-O 14. Rc1 Nxc3
15. bxc3 Bf6 16. Re1 g6 17. Qc2 b5 18. h4 Bb7 19. h5 Ne7 20. hxg6 hxg6 21. Be5
Nf5 22. Be4 Bxe4 23. Rxe4 Rc8 24. Qd3 Bxe5 25. Nxe5 Kg7 26. Rg4 Rh8 27. Qf3 Rh6
28. g3 Qd5 29. Qxd5 exd5 30. Nd3 Rch8 31. Kg2 Rh2+ 32. Kf3 f6 33. Nf4 Ne7 34.
Re1 Kf7 35. Rxe7+ Kxe7 36. Nxg6+ Kf7 37. Nxh8+ Rxh8 38. Ke3 Rc8 39. Kd3 Rc4 40.
Rh4 Ra4 41. Rh7+ Ke6 42. g4 f5 43. gxf5+ Kxf5 44. Re7 Rxa2 45. Re5+ Kf6 46.
Rxd5 Ke7 47. Re5+ Kd6 48. f4 Rb2 49. f5 Rf2 50. Re6+ Kd5 51. Rxa6 Rf3+ 52. Kc2
Rxf5 53. Kb3 Rf1 54. Rb6 Ke4 55. Rxb5 Kd3 56. Rc5 Rb1+ 57. Ka4 Ke4 58. d5 Ke5
59. c4 Kd6 60. Rc6+ Ke7 61. Ka5 Rb2 62. Rb6 Rc2 63. Kb5 1-0

[Event "TOP 16"]
[Site "Metz"]
[Date "2009.03.20"]
[Round "1.8"]
[White "Nicoara, Malina"]
[Black "Congiu, Mathilde"]
[Result "1/2-1/2"]
[WhiteElo "2163"]
[BlackElo "2231"]
[PlyCount "89"]
[EventDate "1620.??.??"]
[Source "ChessBase"]
[SourceDate "2000.11.22"]

1. d4 d5 2. c4 c6 3. Nf3 Nf6 4. Nc3 dxc4 5. a4 Bf5 6. e3 e6 7. Bxc4 Bb4 8. O-O
Nbd7 9. Qe2 Bg4 10. Rd1 Qa5 11. e4 Qh5 12. e5 Nd5 13. Ne4 f6 14. Bxd5 cxd5 15.
Ng3 Qf7 16. exf6 Qxf6 17. Rd3 O-O 18. h3 Bxf3 19. Rxf3 Qe7 20. Rxf8+ Rxf8 21.
Be3 Nf6 22. Rc1 Bd6 23. Nf1 h6 24. Rc2 Bb8 25. Bc1 Ne4 26. Qg4 Qf6 27. Be3 a6
28. b3 Kh8 29. Qd1 Qf5 30. Qc1 Nd6 31. Ng3 Qg6 32. Nf1 Kh7 33. Ng3 Rf7 34. Qd1
Ba7 35. Qe2 b5 36. Rc6 Bb8 37. Rxa6 Qb1+ 38. Nf1 Qxb3 39. axb5 Qxb5 40. Qxb5
Nxb5 41. Rxe6 Ba7 42. Nd2 Nxd4 43. Bxd4 Bxd4 44. Nf3 Ba7 45. Rd6 1/2-1/2

[Event "TOP 16"]
[Site "Metz"]
[Date "2009.03.21"]
[Round "2.1"]
[White "Vaisser, Anatoly"]
[Black "Postny, Evgeny"]
[Result "0-1"]
[WhiteElo "2513"]
[BlackElo "2652"]
[PlyCount "74"]
[EventDate "2009.??.??"]
[Source "ChessBase"]
[SourceDate "1998.11.10"]

1. d4 Nf6 2. c4 e6 3. Nc3 Bb4 4. e3 b6 5. Nge2 c5 6. a3 Ba5 7. Rb1 Na6 8. Ng3
Bb7 9. Bd3 h5 10. h4 Bxg2 11. Rg1 Bb7 12. d5 Ng4 13. Nxh5 Ne5 14. Nxg7+ Kf8 15.
Be2 exd5 16. cxd5 Rg8 17. e4 Qxh4 18. Qd2 Bxc3 19. bxc3 Qh7 20. f4 Rxg7 21.
Rxg7 Qxg7 22. fxe5 Re8 23. Qh6 Rxe5 24. Qxg7+ Kxg7 25. c4 Rxe4 26. Bb2+ Kf8 27.
Kd2 Nc7 28. Rf1 Ne8 29. Bd3 Rg4 30. Be5 b5 31. Bf5 Rxc4 32. d6 Bc6 33. Bg6 Bd5
34. Bf5 Bc6 35. Bg6 f6 36. Bf4 Rxf4 37. Rxf4 Nxd6 0-1

[Event "TOP16"]
[Site "Metz"]
[Date "2009.03.21"]
[Round "2.2"]
[White "Riazantsev, Alexander"]
[Black "Rozentalis, Eduaras"]
[Result "1/2-1/2"]
[WhiteElo "2634"]
[BlackElo "2590"]
[PlyCount "81"]
[EventDate "2009.??.??"]
[Source "ChessBase"]
[SourceDate "1998.11.10"]

1. d4 Nf6 2. c4 e6 3. Nc3 Bb4 4. Qc2 d5 5. a3 Bxc3+ 6. Qxc3 dxc4 7. Qxc4 b6 8.
Bf4 Nd5 9. Bg3 Ba6 10. Qc2 O-O 11. Nf3 Nd7 12. e4 Bxf1 13. Rxf1 N5f6 14. Bh4
Qe8 15. O-O-O Rc8 16. Qc6 h6 17. Kb1 g5 18. Bg3 Nb8 19. Qc2 Qc6 20. Qxc6 Nxc6
21. Rc1 Nxe4 22. Rxc6 g4 23. Bf4 gxf3 24. gxf3 Nf6 25. Be5 Ne8 26. Rfc1 h5 27.
Bxc7 Nf6 28. Bd6 Rxc6 29. Rxc6 Ra8 30. Rc7 Nd5 31. Rb7 Rd8 32. Be5 a5 33. Kc2
Rc8+ 34. Kd2 Rc4 35. b3 Rc6 36. a4 Kf8 37. h4 Ke8 38. Rb8+ Kd7 39. Rb7+ Ke8 40.
Bg3 Kf8 41. Be5 1/2-1/2

[Event "TOP 16"]
[Site "Metz"]
[Date "2009.03.21"]
[Round "2.3"]
[White "Kallai, Gabor"]
[Black "Svetushkin, Dmitry"]
[Result "0-1"]
[WhiteElo "2462"]
[BlackElo "2593"]
[PlyCount "54"]
[EventDate "2009.??.??"]
[Source "ChessBase"]
[SourceDate "2000.11.22"]

1. d4 d5 2. c4 c6 3. Nf3 Nf6 4. Nc3 dxc4 5. a4 Bf5 6. e3 e6 7. Bxc4 Bb4 8. O-O
O-O 9. Qe2 Bg4 10. h3 Bh5 11. Rd1 Nbd7 12. e4 h6 13. Na2 Ba5 14. Bf4 Bc7 15.
Qe3 Bxf4 16. Qxf4 Qb8 17. Qe3 e5 18. Nc3 exd4 19. Rxd4 Bxf3 20. Qxf3 Ne5 21.
Qe2 Rd8 22. Rad1 Qc7 23. Qd2 Rxd4 24. Qxd4 c5 25. Nd5 cxd4 26. Nxc7 Rc8 27.
Rxd4 Rxc7 0-1

[Event "TOP 16"]
[Site "Metz"]
[Date "2009.03.21"]
[Round "2.4"]
[White "Koch, Jean-René"]
[Black "Varga, Peter"]
[Result "1/2-1/2"]
[WhiteElo "2453"]
[BlackElo "2446"]
[PlyCount "30"]
[EventDate "2009.??.??"]
[Source "ChessBase"]
[SourceDate "2000.11.22"]

1. c4 c6 2. e4 e5 3. Nf3 d6 4. d4 Bg4 5. Be2 Be7 6. O-O Bxf3 7. Bxf3 Bg5 8.
Bxg5 Qxg5 9. Nc3 Qe7 10. b4 Nf6 11. d5 O-O 12. a3 Rc8 13. Qb3 c5 14. g3 Nbd7
15. b5 h5 1/2-1/2

[Event "TOP 16"]
[Site "Metz"]
[Date "2009.03.21"]
[Round "2.5"]
[White "Roos, Daniel"]
[Black "Taddei, Benoit"]
[Result "1-0"]
[WhiteElo "2425"]
[BlackElo "2302"]
[PlyCount "107"]
[EventDate "2009.??.??"]
[Source "ChessBase"]
[SourceDate "2000.11.22"]

1. Nf3 c5 2. g3 Nc6 3. Bg2 e5 4. d3 d5 5. O-O f6 6. c3 Be6 7. Nbd2 Qd7 8. a3
Nh6 9. b4 Nf7 10. Rb1 Rc8 11. bxc5 Bxc5 12. a4 b6 13. Nb3 Be7 14. Bd2 g5 15. a5
h5 16. axb6 axb6 17. e4 dxe4 18. dxe4 Nd6 19. Be3 Bd8 20. Nbd2 Rb8 21. h4 g4
22. Ne1 Na5 23. Qe2 Qc6 24. Nd3 Rc8 25. Rfc1 Nb5 26. Nc5 Na3 27. Ra1 bxc5 28.
Rxa3 c4 29. f3 Bb6 30. fxg4 Bxg4 31. Qf2 Bxe3 32. Qxe3 Qc5 33. Qxc5 Rxc5 34.
Rca1 Nb7 35. Ra8+ Nd8 36. Bf1 Be6 37. R1a4 Rg8 38. Kf2 Rb5 39. Be2 Bf7 40. Nxc4
Bxc4 41. Bxc4 Rb2+ 42. Be2 Rg4 43. Rb4 Rc2 44. Ra6 Ke7 45. Ra7+ Kf8 46. Rh7 Nf7
47. Ke1 Rxg3 48. Rb8+ Ke7 49. Rb7+ Kd6 50. Rhxf7 Rcxc3 51. Rxf6+ Kc5 52. Kd2
Rb3 53. Rc7+ Kb4 54. Rc4+ 1-0

[Event "TOP 16"]
[Site "Metz"]
[Date "2009.03.21"]
[Round "2.6"]
[White "Neiman, Emmanuel"]
[Black "Roos, Louis"]
[Result "1/2-1/2"]
[WhiteElo "2358"]
[BlackElo "2350"]
[PlyCount "96"]
[EventDate "2009.??.??"]
[Source "ChessBase"]
[SourceDate "2000.11.22"]

1. d4 g6 2. e4 Bg7 3. Nc3 c6 4. Nf3 d6 5. a4 Nf6 6. Be2 O-O 7. O-O Nbd7 8. e5
dxe5 9. dxe5 Nd5 10. Nxd5 cxd5 11. Bf4 Nc5 12. Qd2 Bg4 13. Qe3 Ne6 14. Bh6 d4
15. Qd2 Bxf3 16. Bxf3 Bxh6 17. Qxh6 Qc7 18. Rae1 Qxc2 19. Be4 Qc5 20. Bd3 f5
21. f4 Qb4 22. Rc1 Rac8 23. Bxf5 Qb3 24. Rxc8 Rxc8 25. Bxe6+ Qxe6 26. f5 Qf7
27. f6 exf6 28. exf6 d3 29. Qd2 Rd8 30. Rf3 h5 31. h3 Rd6 32. Qf4 Rd8 33. Qd2
Rd6 34. Rxd3 Rxd3 35. Qxd3 Qxf6 36. Qc4+ Qf7 37. Qd4 a6 38. Qe4 Kh7 39. Qe5 Qg7
40. Qxg7+ Kxg7 41. Kf2 Kf6 42. Ke3 Ke5 43. h4 Kf5 44. Kf3 a5 45. g4+ Ke5 46.
gxh5 gxh5 47. Ke3 Kf5 48. Kf3 Ke5 1/2-1/2

[Event "TOP 16"]
[Site "Metz"]
[Date "2009.03.21"]
[Round "2.8"]
[White "Leclair, Marie"]
[Black "Nicoara, Malina"]
[Result "0-1"]
[WhiteElo "1987"]
[BlackElo "2163"]
[PlyCount "134"]
[EventDate "2009.??.??"]
[Source "ChessBase"]
[SourceDate "2000.11.22"]

1. e4 c5 2. Nf3 Nc6 3. d4 cxd4 4. Nxd4 g6 5. c4 Bg7 6. Be3 Nf6 7. Nc3 d6 8. Be2
O-O 9. O-O Bd7 10. Rc1 Nxd4 11. Bxd4 Bc6 12. Qd3 Nd7 13. Bxg7 Kxg7 14. b4 b6
15. f4 a6 16. Kh1 Ra7 17. a3 Qa8 18. Bf3 f6 19. Ne2 e5 20. Qxd6 Bxe4 21. fxe5
Bxf3 22. Rxf3 Nxe5 23. Rh3 Qd8 24. Qxd8 Rxd8 25. Rhc3 Rad7 26. h3 Nd3 27. Rf1
g5 28. Ng3 Kg6 29. Rc2 h5 30. Kg1 h4 31. Ne4 f5 32. Nf2 Nf4 33. c5 bxc5 34.
bxc5 Rc8 35. c6 Rd6 36. Rfc1 Rc7 37. Kf1 Kf6 38. Rc5 Nd5 39. Ra5 Ne3+ 40. Ke2
Nxg2 41. Rxa6 Nf4+ 42. Kf1 Ng6 43. Ke2 Ne5 44. Rf1 Ke6 45. Rg1 Kf6 46. Rf1
Rdxc6 47. Rxc6+ Rxc6 48. Ng4+ Ke6 49. Nxe5 Kxe5 50. Rf3 g4 51. hxg4 fxg4 52.
Rf8 Ra6 53. Kf2 Rf6+ 54. Rxf6 Kxf6 55. Ke3 Ke5 56. a4 Kd5 57. Kf4 g3 58. Kf3
Kc5 59. Kg2 Kb4 60. a5 Kxa5 61. Kh3 Kb4 62. Kg2 Kc3 63. Kf3 Kd3 64. Kg2 Ke3 65.
Kg1 Kf3 66. Kh1 g2+ 67. Kg1 h3 0-1

[Event "TOP 16"]
[Site "Metz"]
[Date "2009.03.21"]
[Round "2.1"]
[White "Bauer, Christian"]
[Black "Nyback, Tomi"]
[Result "1-0"]
[WhiteElo "2610"]
[BlackElo "2644"]
[PlyCount "105"]
[EventDate "2009.??.??"]
[Source "ChessBase"]
[SourceDate "2000.11.22"]

1. e4 e5 2. Bc4 Nc6 3. Nf3 Bc5 4. c3 Nf6 5. d3 a6 6. Bb3 Ba7 7. Nbd2 O-O 8. h3
d6 9. Nf1 Ne7 10. Ng3 Ng6 11. O-O b5 12. a4 Bb7 13. Re1 Re8 14. Nh2 d5 15. Qf3
Nh4 16. Qe2 Ng6 17. Ng4 Nf4 18. Qf3 Nxg4 19. hxg4 dxe4 20. dxe4 Qf6 21. Nf5 g6
22. Nh6+ Kg7 23. Nxf7 Rf8 24. Bxf4 exf4 25. axb5 a5 26. g5 Qe7 27. Nh6 Qxg5 28.
Ng4 h5 29. Nh2 Qxb5 30. Bd5 c6 31. Ba2 Rad8 32. Rad1 Qxb2 33. Rxd8 Rxd8 34. Rb1
Qxf2+ 35. Qxf2 Bxf2+ 36. Kxf2 Rd2+ 37. Ke1 Rxa2 38. Rxb7+ Kf6 39. Nf3 Rxg2 40.
Rc7 g5 41. Rxc6+ Ke7 42. Kf1 Rg3 43. Nd4 Re3 44. Rc5 Kf6 45. Rxa5 Rxe4 46. Ra6+
Kf7 47. Nf3 Kg7 48. Nxg5 Rc4 49. Ra3 Kf6 50. Nf3 Rc8 51. Kf2 Kf5 52. Ra5+ Ke4
53. Ke2 1-0

[Event "TOP 16"]
[Site "Metz"]
[Date "2009.03.21"]
[Round "2.2"]
[White "Sebag, Marie"]
[Black "Glek, Igor"]
[Result "0-1"]
[WhiteElo "2529"]
[BlackElo "2524"]
[PlyCount "134"]
[EventDate "2009.??.??"]
[Source "ChessBase"]
[SourceDate "2000.11.22"]

1. e4 c5 2. Nf3 d6 3. d4 cxd4 4. Nxd4 Nf6 5. Nc3 e5 6. Bb5+ Bd7 7. Bxd7+ Qxd7
8. Nf3 Qc6 9. Qe2 h6 10. O-O Nbd7 11. Re1 a6 12. a4 Rc8 13. a5 Be7 14. h3 Qc4
15. Qd1 Nc5 16. Nd2 Qe6 17. Qf3 O-O 18. b3 Ncd7 19. Ba3 Bd8 20. Bb4 Nb8 21. Nc4
Nc6 22. Ra4 Nxb4 23. Rxb4 Qe7 24. Ra4 Rc5 25. Qd3 Qc7 26. Re3 Qc6 27. Ra1 Bc7
28. Rd1 Bxa5 29. Na4 Rxc4 30. Qxc4 Qxc4 31. bxc4 Rc8 32. Nb2 Rc6 33. Rdd3 Nd7
34. Rd5 Bc7 35. Na4 Rxc4 36. Rc3 Rxc3 37. Nxc3 Nf6 38. Rd3 Kf8 39. f3 Ba5 40.
Na4 Ke7 41. c4 Nd7 42. Kf1 Bb4 43. Rb3 a5 44. Ke2 Kd8 45. Rd3 Kc7 46. Rd5 Kc6
47. Rb5 Nf8 48. Rd5 Ne6 49. g3 Nd4+ 50. Kf2 b6 51. f4 f6 52. Ke3 Bc5 53. Nc3 h5
54. Ne2 a4 55. Nc3 a3 56. fxe5 fxe5 57. Kd3 Ne6 58. Kc2 Bd4 59. Nb5 a2 60.
Rxd6+ Kc5 61. Rd5+ Kb4 62. Nxd4 a1=Q 63. Nxe6 Kxc4 64. Nxg7 Qc3+ 65. Kd1 Qf3+
66. Kd2 Qf2+ 67. Kd1 Kc3 0-1

[Event "TOP 16"]
[Site "Metz"]
[Date "2009.03.21"]
[Round "2.3"]
[White "Landa, Konstantin"]
[Black "Apicella, Manuel"]
[Result "1-0"]
[WhiteElo "2626"]
[BlackElo "2517"]
[PlyCount "79"]
[EventDate "2009.??.??"]
[Source "ChessBase"]
[SourceDate "2000.11.22"]

1. Nf3 Nf6 2. c4 g6 3. Nc3 Bg7 4. e4 d6 5. d4 O-O 6. Be2 e5 7. O-O Nbd7 8. Be3
exd4 9. Nxd4 Re8 10. f3 c6 11. Qd2 d5 12. exd5 cxd5 13. Ndb5 Ne5 14. cxd5 a6
15. Na3 b5 16. Nc2 Bb7 17. Rfd1 Rc8 18. d6 Nfd7 19. a4 Nc4 20. Bxc4 bxc4 21.
Nb4 Rb8 22. Ba7 Bxf3 23. Bxb8 Qb6+ 24. Kh1 Bxd1 25. Nbd5 Qxb8 26. Ne7+ Kh8 27.
Rxd1 Qb6 28. Qf4 Qxb2 29. Ne4 Qe5 30. Qxf7 Rf8 31. Qxc4 Qf4 32. Qe2 Qe5 33. Qc4
Qf4 34. Qe2 Be5 35. g3 Qf3+ 36. Qxf3 Rxf3 37. Nc6 Re3 38. Nxe5 Nxe5 39. Nc5 Nc6
40. d7 1-0

[Event "TOP 16"]
[Site "Metz"]
[Date "2009.03.21"]
[Round "2.5"]
[White "Brunner, Nicolas"]
[Black "Cossin, Sebastien"]
[Result "1-0"]
[WhiteElo "2413"]
[BlackElo "2471"]
[PlyCount "141"]
[EventDate "1620.??.??"]
[Source "ChessBase"]
[SourceDate "2000.11.22"]

1. d4 Nf6 2. c4 g6 3. Nc3 Bg7 4. e4 d6 5. Be2 O-O 6. Nf3 e5 7. O-O Na6 8. Be3
Ng4 9. Bg5 Qe8 10. dxe5 dxe5 11. h3 h6 12. Bd2 Nf6 13. Be3 Qe7 14. Nd5 Qd8 15.
Qc2 Nd7 16. c5 c6 17. Bxa6 cxd5 18. Bd3 dxe4 19. Bxe4 Nf6 20. Nd2 Qc7 21. Bf3
Be6 22. Ne4 Nxe4 23. Qxe4 Rab8 24. Qa4 f5 25. Rad1 Kh7 26. Rd6 Qf7 27. Qxa7 e4
28. Bd1 Bc4 29. Bb3 Bxb3 30. axb3 f4 31. Bd4 Rbe8 32. Qa4 Re7 33. Bxg7 Qxg7 34.
Qd4 f3 35. Qxg7+ Kxg7 36. Rfd1 Rff7 37. b4 fxg2 38. Kxg2 h5 39. b5 Kh6 40. Re1
Re5 41. b4 Rg5+ 42. Kf1 Rgf5 43. Rd2 b6 44. Rc2 Re5 45. Re3 Kg5 46. cxb6 Rxb5
47. Rc5+ Rf5 48. Rxe4 Rxb6 49. Rec4 Ra6 50. Rxf5+ gxf5 51. Rc1 Rb6 52. Rb1 Rb5
53. Kg2 Kf4 54. Rb3 h4 55. Kf1 Ke4 56. Ke2 Kd4 57. Kf3 Kc4 58. Rb1 Kd3 59. Kf4
Kc2 60. Re1 Kd2 61. Re5 Rxb4+ 62. Kxf5 Rb8 63. Kg4 Rf8 64. f4 Kd3 65. f5 Kd4
66. Re1 Kd5 67. Kg5 Rg8+ 68. Kxh4 Kd6 69. Kh5 Kd7 70. h4 Rg2 71. f6 1-0

[Event "TOP 16"]
[Site "Metz"]
[Date "2009.03.21"]
[Round "2.6"]
[White "Cornette, Mathieu"]
[Black "Genzling, Alain"]
[Result "1-0"]
[WhiteElo "2564"]
[BlackElo "2309"]
[PlyCount "57"]
[EventDate "1620.??.??"]
[Source "ChessBase"]
[SourceDate "2000.11.22"]

1. e4 c5 2. Nc3 Nc6 3. Bb5 Nd4 4. Bc4 e6 5. Nge2 Nf6 6. O-O a6 7. d3 b5 8. Bb3
Nxb3 9. axb3 Bb7 10. Bg5 d6 11. f4 Be7 12. f5 Qd7 13. Ng3 O-O-O 14. d4 d5 15.
e5 Ne4 16. fxe6 fxe6 17. Ncxe4 dxe4 18. Rf7 Rhe8 19. d5 Bxd5 20. Rxa6 Qb7 21.
Rd6 Rd7 22. Rxd7 Qxd7 23. Rxg7 Qd8 24. Rxe7 Rxe7 25. c4 Bb7 26. Qxd8+ Kxd8 27.
Kf2 e3+ 28. Kxe3 Bxg2 29. cxb5 1-0

[Event "TOP 16"]
[Site "Metz"]
[Date "2009.03.21"]
[Round "2.7"]
[White "Nezar, Mustapha"]
[Black "Belkhodja, Slim"]
[Result "1/2-1/2"]
[WhiteElo "2399"]
[BlackElo "2469"]
[PlyCount "70"]
[EventDate "1620.??.??"]
[Source "ChessBase"]
[SourceDate "2000.11.22"]

1. d4 Nf6 2. c4 d6 3. Nc3 g6 4. Nf3 Bg7 5. g3 O-O 6. Bg2 Nbd7 7. O-O e5 8. e4
a6 9. h3 b5 10. dxe5 dxe5 11. Qe2 c6 12. Rd1 Qe7 13. b3 Ne8 14. Ne1 Nc7 15. Nc2
b4 16. Na4 Ne6 17. Qd2 c5 18. Qd6 Qxd6 19. Rxd6 Re8 20. Bb2 a5 21. Ne3 Nd4 22.
Nd5 Ra7 23. h4 Bf8 24. Rxd7 Bxd7 25. Nf6+ Kg7 26. Nxe8+ Bxe8 27. Rd1 Ra6 28.
Kf1 h6 29. Bc1 Be7 30. Be3 g5 31. hxg5 hxg5 32. Bxd4 exd4 33. Bh3 Rh6 34. Kg2
Bd6 35. Bf5 Bxa4 1/2-1/2

[Event "TOP 16"]
[Site "Metz"]
[Date "2009.03.21"]
[Round "2.8"]
[White "Guilleux, Fabien"]
[Black "Congiu, Mathilde"]
[Result "1-0"]
[WhiteElo "2303"]
[BlackElo "2231"]
[PlyCount "87"]
[EventDate "1620.??.??"]
[Source "ChessBase"]
[SourceDate "2000.11.22"]

1. d4 d5 2. Nf3 Nf6 3. c4 c6 4. Nc3 dxc4 5. a4 Bf5 6. e3 e6 7. Bxc4 Bb4 8. O-O
Nbd7 9. Qb3 a5 10. Nh4 Bg6 11. Na2 Bd6 12. g3 Qb6 13. Nxg6 hxg6 14. f3 Qc7 15.
Kg2 O-O-O 16. e4 e5 17. Bxf7 exd4 18. Bxg6 Kb8 19. Bg5 Ne5 20. Bf5 Nf7 21. Bd2
Qe7 22. Qe6 Ng4 23. Qxe7 Rxh2+ 24. Kg1 Bxe7 25. Bf4+ Ka8 26. fxg4 Rdh8 27. e5
Bc5 28. Bd3 g5 29. e6 gxf4 30. exf7 R2h3 31. Kf2 Rxg3 32. Rac1 Rh2+ 33. Ke1
Re3+ 34. Kd1 Rxd3+ 35. Ke1 Re3+ 36. Kd1 Rd3+ 37. Ke1 f3 38. Rf2 Re3+ 39. Kd1
Rxf2 40. Rxc5 Rf1+ 41. Kc2 d3+ 42. Kc3 d2+ 43. Kxd2 Re2+ 44. Kc3 1-0

[Event "Top 16"]
[Site "Cannes"]
[Date "2009.03.21"]
[Round "2.2"]
[White "Eliet, Nicolas"]
[Black "Hamdouchi, Hichem"]
[Result "1/2-1/2"]
[WhiteElo "2429"]
[BlackElo "2599"]
[PlyCount "37"]
[EventDate "21.??.??"]
[WhiteTeam "Grasse"]
[BlackTeam "Montpellier"]

1. c4 e5 2. g3 Nf6 3. Bg2 c6 4. d4 exd4 5. Qxd4 d5 6. Nf3 Be7 7. cxd5 cxd5 8.
O-O Nc6 9. Qa4 O-O 10. Nc3 Re8 11. Rd1 Bb4 12. Bg5 Bxc3 13. bxc3 Rxe2 14. Nd4
Nxd4 15. Qxd4 h6 16. Bxf6 Qxf6 17. Qxf6 gxf6 18. Bxd5 Bh3 19. Bxb7 1/2-1/2

[Event "Top 16"]
[Site "Cannes"]
[Date "2009.03.21"]
[Round "2.5"]
[White "Prie, Eric"]
[Black "Shoker, Samy"]
[Result "1-0"]
[WhiteElo "2489"]
[BlackElo "2399"]
[PlyCount "89"]
[EventDate "21.??.??"]
[WhiteTeam "Montpellier"]
[BlackTeam "Grasse"]

1. d4 g6 2. e4 Bg7 3. f4 d6 4. Nc3 Nf6 5. Nf3 O-O 6. Bd3 Nh5 7. O-O Bg4 8. Be2
e5 9. fxe5 dxe5 10. Bg5 f6 11. Be3 Nc6 12. d5 Ne7 13. Qd2 Qd7 14. h3 Bxf3 15.
Bxf3 Ng3 16. Rfd1 f5 17. Bc5 fxe4 18. Bg4 Ngf5 19. Nxe4 b6 20. Ba3 Rfd8 21. Qg5
h6 22. Qf6 Bxf6 23. Nxf6+ Kg7 24. Nxd7 Rxd7 25. Re1 Kf6 26. c4 h5 27. Bf3 Nd4
28. Be4 Rc8 29. Rf1+ Kg7 30. Rae1 c6 31. Bd3 cxd5 32. cxd5 Nc2 33. Bxe7 Nxe1
34. Bf6+ Kh7 35. Rxe1 Rxd5 36. Be4 Rd6 37. Bg5 Kg7 38. Kf2 b5 39. Ke3 b4 40.
Be7 Rb6 41. Rd1 b3 42. a3 Kf7 43. Bb4 Ke8 44. Bd6 Kf7 45. Bxe5 1-0

[Event "Top 16"]
[Site "Cannes"]
[Date "2009.03.21"]
[Round "2.6"]
[White "Karim, Ismael"]
[Black "Libiszewski, Fabien"]
[Result "1/2-1/2"]
[WhiteElo "2407"]
[BlackElo "2481"]
[PlyCount "57"]
[EventDate "21.??.??"]
[WhiteTeam "Grasse"]
[BlackTeam "Montpellier"]

1. e4 c5 2. Nf3 Nc6 3. d4 cxd4 4. Nxd4 e5 5. Nb5 d6 6. c4 Be7 7. N1c3 a6 8. Na3
Be6 9. Nc2 Rc8 10. Nd5 Bg5 11. Bxg5 Qxg5 12. g3 Qd8 13. Bg2 Nge7 14. O-O O-O
15. b3 f5 16. f4 fxe4 17. Bxe4 Bf5 18. Bg2 Kh8 19. Nce3 Be6 20. fxe5 Rxf1+ 21.
Qxf1 dxe5 22. Rd1 Nd4 23. Qd3 Nec6 24. Rf1 b5 25. Qe4 Qg5 26. Kh1 bxc4 27. Nxc4
h6 28. Nde3 Rd8 29. a3 1/2-1/2

[Event "Top 16"]
[Site "Cannes"]
[Date "2009.03.21"]
[Round "2.7"]
[White "Flear, Glenn C"]
[Black "Henneteau, Jeremy"]
[Result "1-0"]
[WhiteElo "2478"]
[BlackElo "2106"]
[PlyCount "111"]
[EventDate "21.??.??"]
[WhiteTeam "Montpellier"]
[BlackTeam "Grasse"]

1. d4 Nf6 2. c4 e6 3. Nc3 d5 4. cxd5 exd5 5. Bg5 c6 6. Qc2 Be7 7. e3 Nbd7 8.
Bd3 O-O 9. Nf3 Re8 10. h3 Nf8 11. Bf4 Bd6 12. Bxd6 Qxd6 13. O-O-O b5 14. Kb1 a5
15. Rc1 Bb7 16. g4 a4 17. Ne2 N6d7 18. Nf4 b4 19. Qd2 g6 20. h4 Ba6 21. h5
Bxd3+ 22. Nxd3 Rab8 23. hxg6 fxg6 24. Ka1 Rb6 25. Nfe5 Nxe5 26. Nxe5 Nd7 27. f4
Re7 28. Rh6 a3 29. b3 Nxe5 30. dxe5 Qe6 31. Qd4 Rb5 32. g5 Rc7 33. Rh2 c5 34.
Qd3 Rb8 35. Rd2 Rd8 36. Rcd1 Rcd7 37. Qb5 Rc8 38. Rc1 Rdc7 39. Qd3 Rd8 40. Rdc2
Rdc8 41. e4 dxe4 42. Qxe4 Rd8 43. Kb1 Qd5 44. Qe2 Qd4 45. Rc4 Qd7 46. Qc2 Rf8
47. Rd1 Qg4 48. Qd2 Qf5+ 49. Kc1 Qh3 50. Qd5+ Rff7 51. e6 Qe3+ 52. Kb1 Rfe7 53.
Re4 Qf3 54. Re2 Qg3 55. Qa8+ Kg7 56. Rd8 1-0

[Event "Top 16"]
[Site "Cannes"]
[Date "2009.03.21"]
[Round "2.2"]
[White "Damljanovic, Branko"]
[Black "Kazhgaleyev, Murtas"]
[Result "0-1"]
[WhiteElo "2587"]
[BlackElo "2630"]
[PlyCount "82"]
[EventDate "21.??.??"]
[WhiteTeam "Antibes"]
[BlackTeam "Cannes"]

1. c4 Nf6 2. Nc3 c6 3. e4 d5 4. e5 d4 5. exf6 dxc3 6. bxc3 exf6 7. d4 Bd6 8. c5
Bc7 9. Bd3 O-O 10. Ne2 b6 11. cxb6 axb6 12. O-O Nd7 13. Qc2 g6 14. Be4 f5 15.
Bf3 Re8 16. g3 Bb7 17. c4 Qb8 18. Bb2 c5 19. Bxb7 Qxb7 20. d5 Qa6 21. Rfe1 Be5
22. Kg2 Bxb2 23. Qxb2 Qxc4 24. Nc3 Ne5 25. Qb3 Qg4 26. Re3 f4 27. f3 Qf5 28.
gxf4 Qxf4 29. Rae1 Kg7 30. Ne4 f6 31. Nf2 c4 32. Qb2 Ra5 33. Nh3 Qf5 34. d6 Rd5
35. Qxb6 Rd2+ 36. Kg3 Qc2 37. Nf4 g5 38. Ne2 h5 39. Qb7+ Kh6 40. Qb6 Qf5 41.
Rf1 Nd7 0-1

[Event "Top 16"]
[Site "Cannes"]
[Date "2009.03.21"]
[Round "2.3"]
[White "Tkachiev, Vladislav"]
[Black "Khenkin, Igor"]
[Result "1/2-1/2"]
[WhiteElo "2657"]
[BlackElo "2644"]
[PlyCount "55"]
[EventDate "21.??.??"]
[WhiteTeam "Cannes"]
[BlackTeam "Antibes"]

1. c4 c5 2. Nf3 Nc6 3. d4 cxd4 4. Nxd4 Nf6 5. g3 Qb6 6. Nb3 Ne5 7. c5 Qc6 8.
Rg1 d5 9. cxd6 Qxd6 10. Qxd6 exd6 11. Nc3 Be7 12. Bg2 O-O 13. Nd4 d5 14. Bg5
Be6 15. O-O-O Rac8 16. Kb1 Rfd8 17. e4 dxe4 18. Nxe6 fxe6 19. Nxe4 Nxe4 20.
Bxe7 Rxd1+ 21. Rxd1 Nxf2 22. Bxb7 Rc7 23. Rd8+ Kf7 24. Bd6 Rxb7 25. Rf8+ Kg6
26. Rxf2 Nc4 27. Bc5 Rc7 28. b4 1/2-1/2

[Event "Top 16"]
[Site "Cannes"]
[Date "2009.03.21"]
[Round "2.4"]
[White "Miralles, Gilles"]
[Black "Palac, Mladen"]
[Result "1/2-1/2"]
[WhiteElo "2477"]
[BlackElo "2553"]
[PlyCount "84"]
[EventDate "21.??.??"]
[WhiteTeam "Antibes"]
[BlackTeam "Cannes"]

1. e4 c5 2. Nf3 d6 3. d4 cxd4 4. Nxd4 Nf6 5. Nc3 a6 6. g3 e6 7. Bg2 Qc7 8. O-O
Be7 9. Re1 O-O 10. Qe2 Bd7 11. g4 h6 12. h3 Nc6 13. Nxc6 Bxc6 14. Bf4 Rac8 15.
Rad1 b5 16. a3 Nd7 17. Bg3 Ne5 18. Nb1 Nc4 19. b3 Nb6 20. Nd2 Bd7 21. Nf1 Rfd8
22. Ne3 Bc6 23. Qd2 Qb7 24. Qa5 d5 25. exd5 Nxd5 26. Nxd5 Bxd5 27. Bxd5 exd5
28. Re2 b4 29. axb4 Bxb4 30. Qa4 d4 31. Rd3 Bc3 32. Kh2 Kh7 33. Re5 f6 34. Re6
a5 35. Re2 Rd7 36. Qa3 Qd5 37. Qc1 a4 38. bxa4 Ra8 39. Qh1 Qxh1+ 40. Kxh1 Rxa4
41. f4 Kg6 42. Kg2 Kf7 1/2-1/2